00821nas a2200229Ia 4500001001100000003000900011008004100020040001300061040001300074041001300087100004500100210001700145222001700162245009400179250001100273260005400284501008600338300001900424362003900443500007300482650003600555R020/46144IT-RoPAU151124c99999999xx |||||||||||| ||und|| aIT-RoPAU cIT-RoPAU aITALIANO aHiggins StevengCodice Aut. SPICS: 22066 aGRIFFITHIANA aGriffithiana aGRIFFITHIANA, ANNO 09-N.26/27 (SETTEMBRE 1986)bThomas H. Ince: Il Problema Dei Frammenti a1a ed. aGENOVA - UDINEbHUMOUDA A.R. / CINEPOPOLAREc1986 bPaulus - SPICS - Società San Paolo EM (non-commercial uses only)cCopyright2015 a6 p. [103-108] aANNO 009, N.26/27 (SETTEMBRE 1986) aGiornate del Cinema Muto 1984. Note Critiche su Alcuni Film di Ince. aCINEMAvPUBBLICAZIONE PERIODICA